US States Trivia - Statistics

General Stats
  • This quiz has been taken 59 times
  • The average score is 18 of 30
Answer Stats
Hint Answer % Correct
Smallest State Rhode Island
100%
Biggest State Alaska
98%
Largest population California
98%
Newest State Hawaii
98%
Borders only 1 other US State Maine
93%
....... Fried Chicken Kentucky
91%
Capital is Lincoln Nebraska
91%
Only state with a Z in the name Arizona
89%
Oldest State Delaware
89%
It's state abbreviation is MT Montana
84%
Smallest population Wyoming
78%
State with the highest percentage of people that identify themselves as Jewish New York
76%
State with the highest mean elevation Colorado
75%
'The Volunteer State' Tennessee
69%
All my Ex's live in this state Texas
65%
Lake Okeechobee is located in this state Florida
64%
The driest state, based on state-wide average precipitation Nevada
64%
Only two states share borders with eight others: Tennessee and .... Missouri
58%
Has a US President on it's State License Plate Illinois
51%
State with the lowest average life expectancy Mississippi
49%
TV series The Walking Dead starts in this state Georgia
42%
Only state without a rectangular flag Ohio
42%
State has the shape of the letter it starts with Louisiana
36%
State with the lowest percentage of people that identify themselves as Jewish South Dakota
31%
Least religious state Vermont
24%
State with the highest average life expectancy Minnesota
22%
It's highest point of elevation is Borah Peak Idaho
18%
Only state to have it's Motto in Italian Maryland
11%
Least guessed state on US States Quiz Massachusetts
11%
The motto of this state translates to: 'The People Rule' Arkansas
7%
No matching quizzes found
Score Distribution
Percent of People with Each Score
Percentile by Number Answered
Your Score History
You have not taken this quiz